000 00673nam a2200253Ia 4500
003 OSt
005 20220918193034.0
006 a|||||r|||| 00| 0
007 ta
008 220917b |||||||| |||| 00| 0 eng d
024 _a71,634
037 _cTextual
040 _aARTS
_cARTS
_beng
041 _2eng
_aeng
082 _aR4, L52
100 _aRohatyn D A
_980927
245 0 _aNaturalism and deontology
_b an essays on the problems of ethics
260 _aParis
_bMouton
_c1975
300 _avii,128p.
_ccm.
490 _astudeis in philosophy; 27
650 _aETHICS
942 _hR4, L52
_cTEXL
_2CC
999 _c197707
_d197707